Evangelistic moods, methods, and messages : (Record no. 1423)

MARC details
000 -LEADER
fixed length control field 00746cam a2200229Ia 4500
001 - CONTROL NUMBER
control field 7768407
003 - CONTROL NUMBER IDENTIFIER
control field OSt
005 - DATE AND TIME OF LATEST TRANSACTION
control field 20180913084055.0
008 - FIXED-LENGTH DATA ELEMENTS--GENERAL INFORMATION
fixed length control field 810917s1967 mou 000 0 eng d
035 ## - SYSTEM CONTROL NUMBER
System control number .b10477159
040 ## - CATALOGING SOURCE
Original cataloging agency KAT
Transcribing agency KAT
Modifying agency MZN
-- OCoLC
082 ## - DEWEY DECIMAL CLASSIFICATION NUMBER
Classification number 269
Item number F533E
090 ## - LOCALLY ASSIGNED LC-TYPE CALL NUMBER (OCLC); LOCAL CALL NUMBER (RLIN)
Classification number (OCLC) (R) ; Classification number, CALL (RLIN) (NR) BV3797
Local cutter number (OCLC) ; Book number/undivided call number, CALL (RLIN) .F58
100 1# - MAIN ENTRY--PERSONAL NAME
Personal name Fisher, C. William
Fuller form of name (Charles William),
Dates associated with a name 1916-
245 10 - TITLE STATEMENT
Title Evangelistic moods, methods, and messages :
Remainder of title an evangelist takes a good look at evangelism after twenty-five years in the field /
Statement of responsibility, etc. C. William Fischer
260 ## - PUBLICATION, DISTRIBUTION, ETC.
Place of publication, distribution, etc. Kansas City, Mo. :
Name of publisher, distributor, etc. Beacon hill,
Date of publication, distribution, etc. c1967
300 ## - PHYSICAL DESCRIPTION
Extent 168 p. ;
Dimensions 20 cm
650 #0 - SUBJECT ADDED ENTRY--TOPICAL TERM
Topical term or geographic name entry element Evangelists
Form subdivision Correspondence
650 #0 - SUBJECT ADDED ENTRY--TOPICAL TERM
Topical term or geographic name entry element Evangelistic work
650 #0 - SUBJECT ADDED ENTRY--TOPICAL TERM
Topical term or geographic name entry element Evangelistic sermons
942 ## - ADDED ENTRY ELEMENTS (KOHA)
Source of classification or shelving scheme Dewey Decimal Classification
Koha item type Books
Holdings
Withdrawn status Lost status Source of classification or shelving scheme Damaged status Not for loan Collection code Home library Current library Shelving location Date acquired Cost, normal purchase price Total Checkouts Full call number Barcode Date last seen Price effective from Koha item type
    Dewey Decimal Classification     Non-fiction Harvest Mission College Harvest Mission College General Stacks 13.09.2018 280.00   269 F533E 002165 13.09.2018 13.09.2018 Books

OPAC Designed and Maintained by HMC Library Team.
Copyright © HMC Library,Greater Noida, UP.
For any Suggestions/Query Contact library via Email:libhmc@gmail.com